[Event "US Open-120"]
[Site "Orlando"]
[Date "2019.08.07"]
[Round "5"]
[White "Proleiko, Julian"]
[Black "Cordoves, Javier"]
[Result "1-0"]
[WhiteElo "2156"]
[BlackElo "2010"]
[PlyCount "131"]
[EventDate "2019.08.03"]
[EventType "swiss"]
[EventRounds "9"]
[EventCountry "USA"]
[SourceTitle "CBM 191 Extra"]
[Source "ChessBase"]
[SourceDate "2019.09.30"]
[SourceVersion "1"]
[SourceVersionDate "2019.09.30"]
[SourceQuality "1"]

1. Nf3 d5 2. d4 Nf6 3. c4 c6 4. Qb3 g6 5. Nc3 Bg7 6. Bf4 dxc4 7. Qxc4 Be6 8. Qa4 Nbd7 9. Ng5 Bd5 10. e4 Nb6 11. Qc2 h6 12. Nf3 Be6 13. Be2 0-0 14. 0-0 Bg4 15. Rad1 Bxf3 16. Bxf3 e6 17. Bc1 Rc8 18. e5 Nfd5 19. Ne4 Rc7 20. g3 Nc8 21. h4 Nce7 22. h5 Nf5 23. Bg4 g5 24. Nc3 Nde7 25. Qe4 Rd7 26. Be3 Qa5 27. Be2 Rfd8 28. g4 Nxe3 29. fxe3 Nd5 30. Bd3 Nxc3 31. bxc3 Qxc3 32. Qh7+ Kf8 33. Rf3 Re7 34. Rdf1 Rdd7 35. Bg6 Qc4 36. Bxf7 Rxf7 37. Qg6 Qxf1+ 38. Rxf1 Rxf1+ 39. Kxf1 Rf7+ 40. Ke2 Re7 41. Qc2 a6 42. Qc5 Ke8 43. Qd6 Bf8 44. e4 Bg7 45. Kf3 Rf7+ 46. Kg3 Re7 47. Qb8+ Kf7 48. Qc8 Bf8 49. Kf3 Bg7 50. Ke3 Bf8 51. Ke2 Bg7 52. Kd3 Bf8 53. Kc3 Kg7 54. Kc4 Kf7 55. d5 b5+ 56. Kd3 cxd5 57. exd5 exd5 58. Qf5+ Ke8 59. Qg6+ Kd7 60. Qd6+ Ke8 61. e6 Rg7 62. Qxa6 Rc7 63. Qxb5+ Ke7 64. Qxd5 Bg7 65. a4 Ke8 66. Ke4 1-0